| 000 | 00912cam a2200253 a 4500 | ||
|---|---|---|---|
| 001 | C00352831c-3 | ||
| 003 | CO-ViMGA | ||
| 005 | 20230915224041.0 | ||
| 008 | 020605s2001 sp r 00011dspa d | ||
| 020 | _a9588061857 | ||
| 040 |
_aCO-ViMGA _bspa _cCO-ViMGA |
||
| 043 | _as-ck--- | ||
| 082 | 0 | 4 |
_aCo863.6 _bM874e |
| 100 | 1 |
_aMutis, Alvaro, _d1923-2013 _911090 |
|
| 240 | 0 | _aBogotá-Bibliografía regional | |
| 245 | 1 | 0 |
_aEmpresas y tribulaciones de Maqroll El Gaviero / _cAlvaro Mutis. |
| 260 |
_aMadrid : _bAlfaguara, _c2001. |
||
| 300 |
_a774 p. ; _c25 cm. |
||
| 505 | 0 | _av.1 La nieve del almirante ; Ilona llega con la lluvia ; Un bel morir ; La última escala del tramp steamer ; Amirbar ; Abdul Bashur, soñador de navíos ; Tríptico de mar y tierra. | |
| 650 | 1 | 4 |
_aHistorias de aventuras. _9837 |
| 650 | 1 | 4 |
_aNovela amorosa. _92005 |
| 650 | 1 | 4 |
_aNovela colombiana. _9588 |
| 942 |
_2ddc _cBK |
||
| 999 |
_c11221 _d11221 |
||